000 00985nam a2200265 i 4500
001 000031703
003 DO-SdBNP
005 20260218121337.0
007 ta
008 110303s1993 dr 000 0 spa d
040 _aDO-SdBNP
_bspa
_cBNPHU
_erda
041 _aspa
082 4 _axxx
_bxxx
_222
111 2 _aSecretaria de Estado de Educación, Bellas Artes y Cultos
_n(15 de julio al 31 de agosto :
_d1993 :
_cSanto Domingo)
_957974
245 1 0 _aA tiempo :
_bagenda cultural dominicana.
246 _aLa ley de servicio civil avanza :
_bLa ley de servicio civil. Programa de orientación sobre el código de trabajo de la administración pública
264 1 _aSanto Domingo :
_bSecretaría de Estado de Educación Bellas Artes y Cultos,
_c1993.
300 _a30 paginas ;
_c22 cm.
336 _atexto
_btxt
_2rdaconten.
337 _asin mediación
_bn
_2rdamedia
338 _avolumen
_bnc
_2rdacarrier
590 _aInventariado, 2023 / DG
910 _aDG
942 _2ddc
_cLF2
999 _c53305
_d53305